01017nam a22002777a 450000500170000001000130001702000240003003500130005403700160006704000120008308200160009524501140011124600060022526000410023127000490027230000340032150000510035565000260040665000460043270000290047870000270050770000270053494200250056199900190058695201340060520170124110242.0 aA-943446 c3000.00a8185026378 aA-943446 bCen Lib/Ret aDPLbEN a954.41bBOM aBombay to Mumbai : cedited by Pauline Rohatgi, Pheroza Godrej [and] Rahul Mehrotrabchanging perspectives / b  aNew Delhi bMarg Publications c1997 bNew Delhia148, Mhatama gandhi road e400001 a324p. :c33cm(Hb)bill.emaps aIncludes bibliographical references and index  aMumbai (India)995610 aMumbai (India) -- Pictorial works.995611 aRohatgi, Pauline 995612 aGodrej, Pheroza995613 aMehrotra, Rahul995614 2ddccENh954.41mBOM c135253d135253 001040718REFaLbLd2015-10-03eCen Lib/Retg3000.00l0o954.41 BOMpA-943446r2015-10-03 00:00:00t1v3000.00w2015-10-03yEN